The historical figure of Jesus / (Record no. 303)

MARC details
000 -LEADER
fixed length control field 01458mam a2200313 a 4500
005 - DATE AND TIME OF LATEST TRANSACTION
control field 20260322212014.0
008 - FIXED-LENGTH DATA ELEMENTS--GENERAL INFORMATION
fixed length control field data
010 ## - LIBRARY OF CONGRESS CONTROL NUMBER
LC control number 94136152
020 ## - INTERNATIONAL STANDARD BOOK NUMBER
International Standard Book Number 0713990597
020 ## - INTERNATIONAL STANDARD BOOK NUMBER
International Standard Book Number 9780713990591
040 ## - CATALOGING SOURCE
Original cataloging agency CtY
Transcribing agency YUS
042 ## - AUTHENTICATION CODE
Authentication code lcnccp
049 ## - LOCAL HOLDINGS (OCLC)
Holding library JHEE
050 14 - LIBRARY OF CONGRESS CALL NUMBER
Classification number BT301.2
Item number .S254 1993
092 ## - LOCALLY ASSIGNED DEWEY CALL NUMBER (OCLC)
Classification number 232.9 San 1993
001 - CONTROL NUMBER
control field data
100 1# - MAIN ENTRY--PERSONAL NAME
Personal name Sanders, E. P.
245 14 - TITLE STATEMENT
Title The historical figure of Jesus /
Statement of responsibility, etc. E. P. Sanders.
250 ## - EDITION STATEMENT
Edition statement 1st ed.
260 ## - PUBLICATION, DISTRIBUTION, ETC.
Place of publication, distribution, etc. London :
Name of publisher, distributor, etc. Penguin Press,
-- Penguin Press,
Date of publication, distribution, etc. 1993.
300 ## - PHYSICAL DESCRIPTION
Extent xiii, 337 p. :
Other physical details map ;
Dimensions 23 cm.
504 ## - BIBLIOGRAPHY, ETC. NOTE
Bibliography, etc. note Includes bibliographical references and index.
505 0# - FORMATTED CONTENTS NOTE
Formatted contents note Map of Palestine in the Time of Jesus -- 1. Introduction -- 2. An Outline of Jesus' Life -- 3. Political Setting -- 4. Judaism as a Religion -- 5. External Sources -- 6. The Problems of the Primary Sources -- 7. Two Contexts -- 8. The Setting and Method of Jesus' Ministry -- 9. The Beginning of Jesus' Ministry -- 10. Miracles -- 11. The Coming of the Kingdom -- 12. The Kingdom: Israel, Gentiles and Individuals -- 13. The Kingdom: Reversal of Values and Ethical Perfectionism -- 14. Contention and Opposition in Galilee -- 15. Jesus' View of His Role in God's Plan -- 16. Jesus' Last Week -- 17. Epilogue: The Resurrection.
600 00 - SUBJECT ADDED ENTRY--PERSONAL NAME
Personal name Jesus Christ
Form subdivision Biography.
600 00 - SUBJECT ADDED ENTRY--PERSONAL NAME
Personal name Jesus Christ
Form subdivision Sources.
600 00 - SUBJECT ADDED ENTRY--PERSONAL NAME
Personal name Jesus Christ
General subdivision Historicity.
910 ## - USER-OPTION DATA (OCLC)
User-option data 1665565
-- Horizon bib#
998 0# - LOCAL CONTROL INFORMATION (RLIN)
-- jbk
-- jbk
Holdings
Withdrawn status Lost status Damaged status Not for loan Home library Current library Shelving location Date acquired Total checkouts Full call number Barcode Date last seen Price effective from Koha item type
        Institut Protestant de Théologie Institut Protestant de Théologie General stacks 22/03/2026   BT301.2 .S254 1993 BC0010312 22/03/2026 22/03/2026 Books